Pokémon - Attacken von Gengar in KA/PU - Statistiken

Allgemein
  • Dieses Quiz wurde 6 mal gespielt
  • Das Durchschnittsergebnis liegt bei 19 aus 78
Antwortstatistiken
Antwort % Korrekt
Finsterfaust
100%
Donner
83%
Fluch
83%
Hypnose
83%
Spukball
83%
Traumfresser
83%
Horrorblick
67%
Matschbombe
67%
Nachtnebel
67%
Psychokinese
67%
Schlecker
67%
Tiefschlag
67%
Toxin
67%
Donnerblitz
50%
Donnerschlag
50%
Eishieb
50%
Feuerschlag
50%
Groll
50%
Konfusstrahl
50%
Abgangsbund
33%
Dunkelnebel
33%
Eissturm
33%
Energieball
33%
Erholung
33%
Finsteraura
33%
Hyperstrahl
33%
Irrlicht
33%
Schlammwoge
33%
Abgesang
17%
Ableithieb
17%
Abschlag
17%
Aussetzer
17%
Bürde
17%
Delegator
17%
Donnerwelle
17%
Erstauner
17%
Fassade
17%
Fokusstoß
17%
Gegenstoß
17%
Gifthieb
17%
Gigasauger
17%
Grimasse
17%
Leidteiler
17%
Raub
17%
Regentanz
17%
Schlafrede
17%
Schleuder
17%
Schutzschild
17%
Sonnentag
17%
Ausdauer
0%
Begrenzer
0%
Bizarroraum
0%
Bodyslam
0%
Dunkelklaue
0%
Durchbruch
0%
Fähigkeitstausch
0%
Giftschock
0%
Giftspitzen
0%
Gigastoß
0%
Klärsmog
0%
Krabbelkracher
0%
Metronom
0%
Mülltreffer
0%
Phantomkraft
0%
Poltergeist
0%
Power-Punch
0%
Psycholärm
0%
Psycho-Plus
0%
Ränkeschmied
0%
Säurespeier
0%
Schmarotzer
0%
Smog
0%
Tera-Ausbruch
0%
Trickbetrug
0%
Typenspiegel
0%
Verhöhner
0%
Zauberschein
0%
Zugabe
0%
Keine übereinstimmenden Quizze gefunden
Verteilung der Resultate
Anzahl Personen mit jedem Resultat
Perzentil nach korrekt beantworteten Fragen
Ihre Resultats-Entwicklung
Sie haben dieses Quiz noch nicht gespielt